000 00551nam a22002417a 4500
003 UA-OsUOA
001 251
007 ta
008 20050525b un ||||| |||| 00| 0 ukr d
100 _aАджубей А.
090 _a821.161.1
_bА29
942 _cBK
040 _aUA-OsUOA
_brus
_cUA-OsUOA
_dUA-OsUOA
245 _aКрушение иллюзий
300 _a350 с.
955 _a3
041 _arus
080 _a821.161.1
020 _a5-7664-0479-4
260 _aМ.
_bИнтербук
_c1991
650 7 _2UDC
999 _c286420
_d286420